|
|
|
|
| LEADER |
00000cam a2200000 a 4500 |
| 001 |
vtls011467944 |
| 003 |
SK-MaSNL |
| 005 |
20260301220023.0 |
| 008 |
251029s2015 gw a f n 000 0 ger |
| 015 |
|
|
|a SNBZSA2016
|
| 020 |
|
|
|a 9783837631043
|q (brož.)
|
| 035 |
|
|
|a urn:nbn:sk:snk-am00a99n
|
| 035 |
|
|
|a urn:nbn:sk:snk-am3h8ts
|
| 035 |
|
|
|a 7C6C183C-3482-4958-BE62-CB19141AA34E
|
| 040 |
|
|
|a SNK
|b slo
|c SNK
|e AACR2
|
| 041 |
0 |
|
|a ger
|
| 043 |
|
|
|a e-xo---
|
| 044 |
|
|
|a gw
|c DE
|
| 072 |
|
7 |
|a 323
|x Vnútropolitický vývoj, politický život
|2 konspekt
|
| 072 |
|
7 |
|a 39
|x Etnológia. Etnografia. Folklór
|2 konspekt
|
| 080 |
|
|
|a 323.15
|2 2001
|
| 080 |
|
|
|a (=411.16)
|2 2001
|
| 080 |
|
|
|a 39
|2 2001
|
| 080 |
|
|
|a (048.8)
|2 2011
|
| 080 |
|
|
|a (437.6)
|2 2001
|
| 100 |
1 |
|
|a Vitti, Vanda
|4 aut
|9 606595
|
| 245 |
1 |
0 |
|a (Trans-)Formationen jüdischer Lebenswelten nach 1989
|b eine Ethnografie in zwei slowakischen Städten
|c Vanda Vitti
|
| 260 |
|
|
|a Bielefeld
|b Transcript
|c 2015
|
| 300 |
|
|
|a 427 s.
|b ilustr.
|c 23 cm
|
| 490 |
1 |
|
|a Ethnografische Perspektiven auf das östliche Europa
|v Band 1
|
| 500 |
|
|
|a Obsahuje slovník
|
| 504 |
|
|
|a Bibliogr. s. [393]-427 ; bibliogr. odkazy
|
| 648 |
|
7 |
|a po r. 1989
|2 SNKPH
|9 347531
|
| 650 |
0 |
7 |
|a Židia
|2 SNKPH
|9 3760
|
| 650 |
0 |
7 |
|a etnológia
|2 SNKPH
|9 715
|
| 650 |
0 |
7 |
|a národnostné menšiny
|2 SNKPH
|9 2669
|
| 650 |
0 |
7 |
|a Jews
|2 SNKPHeng
|9 267345
|
| 650 |
0 |
7 |
|a Ethnology
|2 SNKPHeng
|9 265419
|
| 650 |
0 |
7 |
|a Ethnic minorities
|2 SNKPHeng
|9 265191
|
| 651 |
|
7 |
|a Košice (Slovensko)
|2 SNKPH
|9 18694
|
| 651 |
|
7 |
|a Lučenec (Slovensko)
|2 SNKPH
|9 29545
|
| 651 |
|
7 |
|a Košice (Slovakia)
|2 SNKPHeng
|9 265902
|
| 651 |
|
7 |
|a Lučenec (Slovakia)
|2 SNKPH
|9 170665
|
| 655 |
|
7 |
|a monografie
|2 SNKPH
|9 70139
|
| 655 |
|
7 |
|a Monographs
|2 SNKPH
|9 120675
|
| 830 |
|
0 |
|a Ethnografische Perspektiven auf das östliche Europa
|9 497728
|
| 919 |
|
|
|a 978-3-8376-3104-3
|
| 958 |
|
|
|a ZS
|
| 958 |
|
|
|a DE
|
| 958 |
|
|
|a NB
|
| 958 |
|
|
|a ZD
|
| 958 |
|
|
|a NM
|
| 999 |
|
|
|c 930347
|d 932277
|
| 952 |
|
|
|a SNK
|b SNK
|y PREZ
|7 0
|p 17A1177814
|o snkSC 167801
|i snk2016/1928
|8 4
|g 36.25
|0 0
|1 0
|4 0
|d 2016-01-21
|f 1
|l 0
|r 2026-02-24 08:46:18
|w 2026-02-24
|
| 952 |
|
|
|a SNK
|b SNK
|y VYP
|7 0
|p 17A1177815
|o snkSC 167801 D1
|i snk2016/1929
|8 4
|g 36.25
|0 0
|1 0
|4 0
|d 2016-01-21
|l 0
|r 2026-02-24 08:46:18
|w 2026-02-24
|